| 000 | 00347pam a2200145 a 4500 | ||
|---|---|---|---|
| 020 | _c | ||
| 041 | _h | ||
| 082 | _a5.1 | ||
| 100 |
_aKNUTH (Donald E) _eauthor |
||
| 245 |
_aThe Art of Computer Programming _hTextual Document |
||
| 250 | _a3rd | ||
| 260 |
_bAddison Wesley Publishing Co New York, _c1997 |
||
| 300 | _axix, 650 | ||
| 930 | _a10164 | ||
| 999 |
_c840922 _d840922 |
||